[Event "Junior Online 4NCL Division 5"]
[Site "online"]
[Date "2020.04.23"]
[Round "2.39"]
[White "Lombardo, Martino"]
[Black "Allen, George"]
[Result "1-0"]
[WhiteElo "917"]
[BlackElo "1382"]
[PlyCount "107"]
[EventDate "2020.04.23"]
[WhiteTeam "Leicestershire Juniors 6"]
[BlackTeam "KJCA Young Kestrels E"]

1. Nc3 d5 2. d4 Nc6 3. Bf4 Nf6 4. Nb5 e5 5. dxe5 Nd7 6. e6 Nde5 7. exf7+ Kxf7
8. Bxe5 Nxe5 9. Nf3 Nxf3+ 10. gxf3 c6 11. Nd4 Bc5 12. e3 a6 13. Bg2 Bd6 14. O-O
Qg5 15. f4 Qg6 16. c3 Bh3 17. Qf3 Bg4 18. Qg3 h5 19. h3 Bd7 20. Qxg6+ Kxg6 21.
h4 Be7 22. e4 Bxh4 23. exd5 cxd5 24. Bxd5 Rab8 25. Rae1 Bh3 26. Be4+ Kf6 27.
Bg2 Bd7 28. Nf3 g5 29. fxg5+ Bxg5 30. Nxg5 Kxg5 31. Re5+ Kf6 32. Rd5 Rbd8 33.
Rfd1 Rh7 34. Rd6+ Ke7 35. Bxb7 h4 36. Bc6 Ke8 37. Bxd7+ Rhxd7 38. Rxd7 Rxd7 39.
Rxd7 Kxd7 40. Kh2 Ke6 41. Kh3 Kf5 42. Kxh4 Kf4 43. c4 Kf3 44. c5 Kxf2 45. c6
Ke2 46. c7 Kd2 47. c8=Q Kd3 48. Qxa6+ Kc2 49. b4 Kc3 50. b5 Kb2 51. b6 Kc3 52.
b7 Kd4 53. b8=Q Kc5 54. Qbd6# 1-0

[Event "Junior Online 4NCL Division 5"]
[Site "online"]
[Date "2020.04.23"]
[Round "2.40"]
[White "Watson, Scarlet"]
[Black "Friedersdorff, Finlay"]
[Result "1-0"]
[WhiteElo "1232"]
[BlackElo "887"]
[PlyCount "87"]
[EventDate "2020.04.23"]
[WhiteTeam "KJCA Young Kestrels E"]
[BlackTeam "Leicestershire Juniors 6"]

1. d4 Nc6 2. Nf3 e6 3. g3 d5 4. Bg2 Bd6 5. Nc3 Bb4 6. Bd2 Bxc3 7. Bxc3 Nf6 8.
O-O Ne4 9. Bd2 Nxd2 10. Qxd2 O-O 11. Ng5 e5 12. dxe5 Nxe5 13. Qf4 Qf6 14. Qh4
h6 15. f4 hxg5 16. fxg5 Ng6 17. Qh5 Qf5 18. Rxf5 Bxf5 19. Bxd5 Rfd8 20. Bxb7
Rab8 21. Bf3 Rxb2 22. Rf1 Rd2 23. Bg2 Rbxc2 24. Rxf5 Rd1+ 25. Kf2 Rdd2 26. Bf3
Rxa2 27. Rb5 Kf8 28. Rb8+ Ke7 29. Rb7 Ne5 30. Rxc7+ Kd6 31. Rc3 Nxf3 32. Qxf3
Rxe2+ 33. Qxe2 Rxe2+ 34. Kxe2 Kd5 35. h4 Kd4 36. Rd3+ Kc4 37. h5 a5 38. h6 gxh6
39. gxh6 a4 40. h7 a3 41. Rxa3 Kb4 42. Rd3 Kc4 43. h8=Q Kb4 44. Qd4+ 1-0

[Event "Junior Online 4NCL Division 5"]
[Site "online"]
[Date "2020.04.23"]
[Round "2.41"]
[White "Kadir, Karo"]
[Black "Heard, Ben"]
[Result "0-1"]
[WhiteElo "850"]
[BlackElo "1240"]
[PlyCount "34"]
[EventDate "2020.04.23"]
[WhiteTeam "Leicestershire Juniors 6"]
[BlackTeam "KJCA Young Kestrels E"]

1. e4 e5 2. Nf3 Nc6 3. Nc3 Nf6 4. Bc4 Nxe4 5. d3 Nf6 6. Bg5 h6 7. Bxf6 Qxf6 8.
Qe2 d6 9. O-O-O Bd7 10. d4 O-O-O 11. dxe5 dxe5 12. Nd5 Qf5 13. Bd3 Qh5 14. Nd2
Qxe2 15. Bxe2 Be6 16. Ne4 Bxd5 17. Nc5 Bxc5 0-1

[Event "Junior Online 4NCL Division 5"]
[Site "online"]
[Date "2020.04.23"]
[Round "2.42"]
[White "Allen, Grace"]
[Black "Prashanth, Shashank"]
[Result "0-1"]
[WhiteElo "1030"]
[BlackElo "880"]
[PlyCount "62"]
[EventDate "2020.04.23"]
[WhiteTeam "KJCA Young Kestrels E"]
[BlackTeam "Leicestershire Juniors 6"]

1. e4 e5 2. Nf3 Nc6 3. Bc4 Nf6 4. Nc3 d6 5. h3 g6 6. d3 Bg7 7. O-O O-O 8. Bg5
Bd7 9. a3 a5 10. Nd5 Be6 11. a4 Bxd5 12. exd5 Nd4 13. Nxd4 exd4 14. c3 c5 15.
cxd4 cxd4 16. Ra3 h6 17. Bh4 g5 18. Bg3 Re8 19. Bb5 Re7 20. h4 g4 21. Qc2 Nxd5
22. Qc4 Nc7 23. Raa1 Nxb5 24. axb5 b6 25. Rae1 Rc8 26. Qd5 Rc5 27. Qb3 Be5 28.
h5 Qd7 29. Bh4 Re8 30. Re2 Rxb5 31. Qa4 Rc8 0-1

[Event "Junior Online 4NCL Division 5"]
[Site "online"]
[Date "2020.04.23"]
[Round "2.45"]
[White "Pitts, Hannah"]
[Black "Smith, Mia"]
[Result "1-0"]
[WhiteElo "1037"]
[BlackElo "1075"]
[PlyCount "39"]
[EventDate "2020.04.23"]
[WhiteTeam "Friar Tucks"]
[BlackTeam "Harrow Juniors G"]

1. d4 d5 2. c4 dxc4 3. e3 Nc6 4. Bxc4 Nf6 5. Nf3 Bf5 6. Nc3 e6 7. b3 Bd6 8. Bb2
O-O 9. d5 exd5 10. Bxd5 Re8 11. O-O Qd7 12. Re1 Nb4 13. Ng5 Nbxd5 14. Nxd5 h6
15. Nxf6+ gxf6 16. Nf3 Re7 17. e4 Bg4 18. Qd2 f5 19. Qxh6 fxe4 20. Qg7# 1-0

[Event "Junior Online 4NCL Division 5"]
[Site "online"]
[Date "2020.04.23"]
[Round "2.46"]
[White "Patel-Davis, Riyan"]
[Black "Liu, Lucy"]
[Result "0-1"]
[WhiteElo "902"]
[BlackElo "887"]
[PlyCount "24"]
[EventDate "2020.04.23"]
[WhiteTeam "Harrow Juniors G"]
[BlackTeam "Friar Tucks"]

1. e4 e6 2. e5 Nc6 3. f4 Bb4 4. Nc3 d5 5. Bb5 d4 6. Bxc6+ bxc6 7. Na4 Ba6 8.
Nf3 Nh6 9. c3 Be7 10. Nxd4 Bh4+ 11. g3 O-O 12. gxh4 Qxh4# 0-1

[Event "Junior Online 4NCL Division 5"]
[Site "online"]
[Date "2020.04.23"]
[Round "2.47"]
[White "Tumurugoti, Vaed"]
[Black "Wang, Xiling"]
[Result "1-0"]
[WhiteElo "865"]
[BlackElo "925"]
[PlyCount "69"]
[EventDate "2020.04.23"]
[WhiteTeam "Friar Tucks"]
[BlackTeam "Harrow Juniors G"]

1. e4 e5 2. f3 d6 3. Bc4 Nc6 4. Nc3 Nf6 5. d3 Be6 6. Be3 Be7 7. Qd2 Bxc4 8.
dxc4 O-O 9. c5 dxc5 10. Nge2 c4 11. Rd1 Qe8 12. Nb5 Bb4 13. c3 Ba5 14. b4 Bb6
15. Bxb6 axb6 16. Nxc7 Qb8 17. Nb5 Qd8 18. O-O Na7 19. a4 Nxb5 20. axb5 Ra1 21.
Ng3 h6 22. Nf5 g6 23. Nxh6+ Kg7 24. Nf5+ gxf5 25. Qg5+ Kh8 26. Rxd8 Rxf1+ 27.
Kxf1 Rxd8 28. Qxf6+ Kg8 29. Qxd8+ Kg7 30. h4 f4 31. g4 f5 32. Qg5+ Kf7 33.
Qxf5+ Kg7 34. h5 Kh6 35. Qg6# 1-0

[Event "Junior Online 4NCL Division 5"]
[Site "online"]
[Date "2020.04.23"]
[Round "2.48"]
[White "Patel, Ryan"]
[Black "Golding, Daniel"]
[Result "1-0"]
[WhiteElo "700"]
[BlackElo "700"]
[PlyCount "37"]
[EventDate "2020.04.23"]
[WhiteTeam "Harrow Juniors G"]
[BlackTeam "Friar Tucks"]

1. e4 e5 2. f4 exf4 3. Nf3 Bd6 4. d4 f6 5. Nc3 Ne7 6. g3 O-O 7. gxf4 b6 8. Nh4
Ba6 9. e5 fxe5 10. Qf3 Bb7 11. Qxb7 c6 12. Qxa8 Qc7 13. d5 cxd5 14. fxe5 Bxe5
15. Nxd5 Nxd5 16. Qxd5+ Rf7 17. Bc4 b5 18. Qxf7+ Kh8 19. Qf8# 1-0

[Event "Junior Online 4NCL Division 5"]
[Site "online"]
[Date "2020.04.23"]
[Round "2.49"]
[White "Smith, Mia"]
[Black "Pitts, Hannah"]
[Result "0-1"]
[WhiteElo "1075"]
[BlackElo "1037"]
[PlyCount "86"]
[EventDate "2020.04.23"]
[WhiteTeam "Harrow Juniors G"]
[BlackTeam "Friar Tucks"]

1. e4 e5 2. Nf3 Nc6 3. Nc3 Nf6 4. Bb5 Bc5 5. Nxe5 Nxe5 6. d4 Nc6 7. dxc5 a6 8.
Bxc6 dxc6 9. O-O Qxd1 10. Rxd1 Bd7 11. e5 Ng4 12. h3 Nxe5 13. Bf4 Nc4 14. Bxc7
Rc8 15. Bf4 Rd8 16. Re1+ Be6 17. b3 Na5 18. Rad1 O-O 19. Rxd8 Rxd8 20. Bg5 Re8
21. Rd1 Bf5 22. Rd2 h6 23. Bd8 b6 24. cxb6 Nb7 25. g4 Be6 26. f4 Nxd8 27. f5
Bc8 28. a4 g5 29. Kg2 f6 30. Kg3 Re3+ 31. Kh2 Rxc3 32. a5 Nb7 33. b4 Kf7 34.
Re2 c5 35. bxc5 Nxc5 36. Kg2 Nb7 37. Kf1 Bd7 38. Rd2 Bb5+ 39. Ke1 Nxa5 40. Kd1
Ba4 41. Kc1 Nb7 42. Kb2 Rc4 43. Ka3 Ke7 0-1

[Event "Junior Online 4NCL Division 5"]
[Site "online"]
[Date "2020.04.23"]
[Round "2.51"]
[White "Wang, Xiling"]
[Black "Tumurugoti, Vaed"]
[Result "1-0"]
[WhiteElo "925"]
[BlackElo "865"]
[PlyCount "109"]
[EventDate "2020.04.23"]
[WhiteTeam "Harrow Juniors G"]
[BlackTeam "Friar Tucks"]

1. e4 d5 2. exd5 Qxd5 3. Nc3 Qe5+ 4. Nce2 Bg4 5. f3 Bf5 6. d3 Nc6 7. Bf4 Qe6 8.
Bxc7 Qd7 9. Bg3 Nb4 10. c3 Nxd3+ 11. Kd2 Nxb2+ 12. Kc1 Nxd1 13. h3 Rd8 14. Nd4
Qc7 15. Bxc7 Rc8 16. Nxf5 Rxc7 17. Bb5+ Kd8 18. Kxd1 e6 19. Nd4 Rxc3 20. Nge2
Rc5 21. Bd3 e5 22. Nb3 Rd5 23. Nec1 Bd6 24. Nd2 Bb4 25. Be4 Rxd2+ 26. Ke1 Rxg2+
27. Kf1 Rd2 28. Nd3 Bc3 29. Rc1 Nf6 30. Rxc3 Rxa2 31. Bxb7 Ra1+ 32. Kg2 Kd7 33.
Nxe5+ Kd6 34. Rxa1 Kxe5 35. Re1+ Kf5 36. Rc5+ Kg6 37. Be4+ Kh6 38. f4 g5 39.
Bf3 Rg8 40. fxg5+ Kg6 41. Be4+ Kg7 42. gxf6+ Kh6+ 43. Kh2 a6 44. Bf3 Kg6 45.
Rg1+ Kxf6 46. Rxg8 Ke6 47. Re8+ Kf6 48. Rc6+ Kf5 49. Rxa6 Kf4 50. Rf6+ Kg5 51.
Rxf7 Kg6 52. Bd5 Kg5 53. Rg8+ Kh6 54. Be4 Kh5 55. Rxh7# 1-0

[Event "Junior Online 4NCL Division 5"]
[Site "online"]
[Date "2020.04.23"]
[Round "2.52"]
[White "Golding, Daniel"]
[Black "Patel, Ryan"]
[Result "0-1"]
[WhiteElo "700"]
[BlackElo "700"]
[PlyCount "62"]
[EventDate "2020.04.23"]
[WhiteTeam "Friar Tucks"]
[BlackTeam "Harrow Juniors G"]

1. e4 d5 2. exd5 Qxd5 3. Nf3 Nf6 4. Nc3 Qa5 5. Bd3 e5 6. a3 Qc5 7. O-O Qe7 8.
Qe2 Nc6 9. Be4 Nxe4 10. Nxe4 Nd4 11. Nxd4 exd4 12. c3 h5 13. cxd4 Bg4 14. f3
Bf5 15. d3 Bxe4 16. fxe4 Rd8 17. Bd2 g5 18. Bb4 Qd7 19. Bxf8 Rxf8 20. Qxh5 Ke7
21. Qxg5+ Ke8 22. Qa5 b6 23. Qxa7 Qxd4+ 24. Rf2 f5 25. Kh1 Qxf2 26. Rg1 Rh8 27.
Qa4+ Kf8 28. Qb4+ Kg8 29. Qb3+ Kf8 30. Qc3 Qh4 31. g3 Qxh2# 0-1

[Event "Junior Online 4NCL Division 5"]
[Site "online"]
[Date "2020.04.23"]
[Round "2.55"]
[White "Hirst, Joe"]
[Black "Mehta, Devina"]
[Result "1-0"]
[WhiteElo "1847"]
[BlackElo "887"]
[PlyCount "85"]
[EventDate "2020.04.23"]
[WhiteTeam "Blackburn's Rovers"]
[BlackTeam "Watford 5"]

1. e4 e5 2. Nc3 Nc6 3. g3 d5 4. exd5 Nce7 5. Bg2 Ng6 6. d4 Bb4 7. Nge2 e4 8.
Bxe4 Bxc3+ 9. Nxc3 Nf6 10. Qd3 O-O 11. Bxg6 fxg6 12. O-O Nxd5 13. Ne4 Bf5 14.
f3 Qe7 15. Bg5 Qe6 16. g4 Bxe4 17. Qxe4 Qxe4 18. fxe4 Rxf1+ 19. Rxf1 Nb4 20. c3
Nxa2 21. Ra1 h6 22. Bd2 Nxc3 23. Bxc3 Re8 24. e5 a6 25. Kf2 c6 26. Ke3 Rf8 27.
Rd1 b5 28. d5 cxd5 29. Rxd5 Re8 30. Kd4 Kf7 31. Kc5 Ke6 32. Rd6+ Kf7 33. Rxa6
Rb8 34. Rb6 Rxb6 35. Kxb6 Ke6 36. Kxb5 g5 37. b4 g6 38. Ka6 Kd7 39. b5 Kc8 40.
b6 h5 41. e6 hxg4 42. b7+ Kb8 43. Be5# 1-0

[Event "Junior Online 4NCL Division 5"]
[Site "online"]
[Date "2020.04.23"]
[Round "2.56"]
[White "Manoj Kumar, Arth"]
[Black "Evans, Ruben"]
[Result "0-1"]
[WhiteElo "700"]
[BlackElo "1727"]
[PlyCount "42"]
[EventDate "2020.04.23"]
[WhiteTeam "Watford 5"]
[BlackTeam "Blackburn's Rovers"]

1. e4 e6 2. d4 d5 3. Nc3 Nf6 4. Bg5 dxe4 5. Bb5+ c6 6. Bc4 Bb4 7. a3 Bxc3+ 8.
bxc3 O-O 9. Bxf6 Qxf6 10. f3 exf3 11. Bd3 fxg2 12. Qh5 g6 13. Qe2 gxh1=Q 14.
Qf1 Qxf1+ 15. Bxf1 Qxg1 16. Kd2 Qxh2+ 17. Kd1 e5 18. dxe5 Bf5 19. Rc1 Rd8+ 20.
Ke1 Qg3+ 21. Ke2 Bg4# 0-1

[Event "Junior Online 4NCL Division 5"]
[Site "online"]
[Date "2020.04.23"]
[Round "2.58"]
[White "Kalavadia, Kunal"]
[Black "Stanley, Isaac"]
[Result "1-0"]
[WhiteElo "700"]
[BlackElo "1165"]
[PlyCount "52"]
[EventDate "2020.04.23"]
[WhiteTeam "Watford 5"]
[BlackTeam "Blackburn's Rovers"]

1. a4 d5 2. Na3 c5 3. b3 Nc6 4. Bb2 Bf5 5. Rc1 e6 6. g3 Nf6 7. Bg2 Bd6 8. Nf3
O-O 9. Nh4 h6 10. Bxf6 gxf6 11. Rf1 Ne7 12. Nb5 a6 13. Nxd6 Qxd6 14. c4 Kh8 15.
cxd5 exd5 16. Nxf5 Nxf5 17. g4 Ne7 18. Rc3 d4 19. Re3 dxe3 20. dxe3 Rab8 21.
Qxd6 Ng6 22. Qxc5 Rbd8 23. Qb6 Rd7 24. e4 Rfd8 25. Qxf6+ Kg8 26. Qh4 Rd1# 1-0

[Event "Junior Online 4NCL Division 5"]
[Site "online"]
[Date "2020.04.23"]
[Round "2.59"]
[White "Mehta, Devina"]
[Black "Hirst, Joe"]
[Result "0-1"]
[WhiteElo "887"]
[BlackElo "1847"]
[PlyCount "62"]
[EventDate "2020.04.23"]
[WhiteTeam "Watford 5"]
[BlackTeam "Blackburn's Rovers"]

1. e4 d6 2. Nf3 Nf6 3. Nc3 Nbd7 4. d4 e5 5. dxe5 dxe5 6. Bb5 c6 7. Bc4 b5 8.
Be2 b4 9. Na4 Nxe4 10. O-O Be7 11. a3 bxa3 12. bxa3 Qa5 13. c3 O-O 14. h3 Nxc3
15. Nxc3 Qxc3 16. Bd2 Qc5 17. Be3 Qd6 18. Qxd6 Bxd6 19. Nd2 Bc5 20. Bxc5 Nxc5
21. Rfc1 Ne6 22. Rxc6 Nd4 23. Bf3 Nxc6 24. Bxc6 Rb8 25. Ne4 Bb7 26. Rc1 Rfc8
27. g3 Rxc6 28. Rxc6 Bxc6 29. Nc3 Rb3 30. Ne2 Rb1+ 31. Kh2 Rh1# 0-1

[Event "Junior Online 4NCL Division 5"]
[Site "online"]
[Date "2020.04.23"]
[Round "2.60"]
[White "Evans, Ruben"]
[Black "Manoj Kumar, Arth"]
[Result "1-0"]
[WhiteElo "1727"]
[BlackElo "700"]
[PlyCount "75"]
[EventDate "2020.04.23"]
[WhiteTeam "Blackburn's Rovers"]
[BlackTeam "Watford 5"]

1. d4 d5 2. c4 Nf6 3. cxd5 Nxd5 4. e4 Nf6 5. Nc3 c5 6. dxc5 Qxd1+ 7. Kxd1 Bg4+
8. f3 Be6 9. Kc2 Bc4 10. Bxc4 e5 11. Nd5 Nbd7 12. Nc7+ Ke7 13. Nxa8 Nxc5 14.
Be3 b6 15. Nc7 Kd8 16. Nd5 Ncd7 17. Nxf6 Nxf6 18. Bxf7 Bb4 19. Kb3 Ba5 20. Ka3
Rf8 21. Bc4 Re8 22. b4 b5 23. Bxb5 a6 24. Bxe8 Nxe8 25. bxa5 g5 26. Bxg5+ Kc8
27. Ne2 Nc7 28. Rhd1 Nb5+ 29. Ka4 h5 30. Rd8+ Kc7 31. Rc1+ Kb7 32. Rd7+ Kb8 33.
Rc6 h4 34. Rh6 Na7 35. Rh8+ Nc8 36. Be3 h3 37. Ba7+ Ka8 38. Rxc8# 1-0

[Event "Junior Online 4NCL Division 5"]
[Site "online"]
[Date "2020.04.23"]
[Round "2.62"]
[White "Stanley, Isaac"]
[Black "Kalavadia, Kunal"]
[Result "1-0"]
[WhiteElo "1165"]
[BlackElo "700"]
[PlyCount "87"]
[EventDate "2020.04.23"]
[WhiteTeam "Blackburn's Rovers"]
[BlackTeam "Watford 5"]

1. d4 g6 2. c4 Bg7 3. Nc3 Na6 4. Nf3 Nh6 5. e4 Ng4 6. h3 Nf6 7. Bg5 Nh5 8. g4
Nf6 9. e5 Ng8 10. Bd3 b6 11. Qc2 Bb7 12. d5 Nb4 13. Qd2 a5 14. a3 Na6 15. O-O-O
Ra7 16. d6 cxd6 17. exd6 exd6 18. Bxd8 Kxd8 19. Qe2 Nf6 20. Rde1 h6 21. Qe7+
Kc7 22. Nd5+ Kc6 23. Nd4+ Kc5 24. Nb3+ Kc6 25. Nxf6 Bxf6 26. Qxf6 Rc8 27. Re2
Raa8 28. Rhe1 Nc7 29. Qf3+ d5 30. cxd5+ Kd6 31. Qf4+ Kxd5 32. Qd4+ Kc6 33. h4
g5 34. hxg5 hxg5 35. Be4+ Kb5 36. Bxb7 a4 37. Bxa8 Rxa8 38. Re5+ Kc6 39. Rxg5
axb3 40. Qc4+ Kb7 41. Re7 Ra7 42. Rxd7 f6 43. Qxc7+ Ka6 44. Qxa7# 1-0

[Event "Junior Online 4NCL Division 5"]
[Site "online"]
[Date "2020.04.23"]
[Round "2.65"]
[White "Sheehy, Lewis"]
[Black "Bhasin, Aadit"]
[Result "0-1"]
[WhiteElo "1037"]
[BlackElo "1255"]
[PlyCount "56"]
[EventDate "2020.04.23"]
[WhiteTeam "Manchester Juniors C"]
[BlackTeam "Dulwich College Junior B"]

1. e4 c5 2. c3 e6 3. d4 d5 4. exd5 exd5 5. Qf3 cxd4 6. Bb5+ Bd7 7. Bxd7+ Qxd7
8. cxd4 Bb4+ 9. Bd2 Bxd2+ 10. Kf1 Qb5+ 11. Ne2 Nf6 12. b3 O-O 13. a4 Qb4 14.
Nxd2 Qxd2 15. Qf4 Qxf4 16. Nxf4 Nc6 17. Ne2 Rae8 18. Ra2 Nb4 19. Nc3 Nxa2 20.
Nxa2 Re7 21. h3 Rfe8 22. Kg1 Re1+ 23. Kh2 Rxh1+ 24. Kxh1 Re1+ 25. Kh2 a5 26. f3
Re2 27. Kg3 Rxa2 28. Kh2 Kf8 0-1

[Event "Junior Online 4NCL Division 5"]
[Site "online"]
[Date "2020.04.23"]
[Round "2.66"]
[White "Sharma, Ayush"]
[Black "Meredith, George"]
[Result "1-0"]
[WhiteElo "1180"]
[BlackElo "1082"]
[PlyCount "65"]
[EventDate "2020.04.23"]
[WhiteTeam "Dulwich College Junior B"]
[BlackTeam "Manchester Juniors C"]

1. e4 e5 2. Nf3 Nc6 3. Nc3 Nf6 4. Bb5 Be7 5. d3 Kf8 6. O-O Kg8 7. Bxc6 bxc6 8.
Nxe5 Bb4 9. Bd2 Bb7 10. a3 Bxc3 11. Bxc3 d6 12. Nf3 h6 13. e5 Ne8 14. exd6 Nxd6
15. Ne5 a6 16. Nc4 Nxc4 17. Qg4 Qg5 18. Qxc4 c5 19. g3 Qd5 20. f3 Qxc4 21. dxc4
a5 22. b4 axb4 23. axb4 Rxa1 24. Rxa1 cxb4 25. Bxb4 Bxf3 26. Rf1 Be2 27. Rf4
Bd1 28. Ba3 Bxc2 29. Rg4 g6 30. Bb2 Bf5 31. Rd4 Be6 32. Rd8+ Kh7 33. Rxh8# 1-0

[Event "Junior Online 4NCL Division 5"]
[Site "online"]
[Date "2020.04.23"]
[Round "2.67"]
[White "Winser, Frederick"]
[Black "Ovchinnikov, Ivan"]
[Result "1-0"]
[WhiteElo "947"]
[BlackElo "1150"]
[PlyCount "65"]
[EventDate "2020.04.23"]
[WhiteTeam "Manchester Juniors C"]
[BlackTeam "Dulwich College Junior B"]

1. e4 e5 2. Nf3 Nc6 3. Nc3 Nf6 4. Bc4 Bb4 5. Ng5 O-O 6. a3 Bxc3 7. bxc3 h6 8.
Nf3 d6 9. O-O Bg4 10. h3 Bh5 11. d4 exd4 12. cxd4 Nxe4 13. Re1 Re8 14. Bb5 Qd7
15. d5 Nc3 16. Qd3 Nxb5 17. Qxb5 Rxe1+ 18. Nxe1 a6 19. dxc6 bxc6 20. Qxh5 Re8
21. Bd2 d5 22. Nf3 g6 23. Qg4 Qd6 24. Bxh6 Re2 25. Bf4 Qf6 26. Re1 Rxc2 27.
Re8+ Kg7 28. Be5 Rc1+ 29. Kh2 Rc4 30. Bxf6+ Kxf6 31. Qg5+ Kg7 32. Qe5+ Kh6 33.
Rh8# 1-0

[Event "Junior Online 4NCL Division 5"]
[Site "online"]
[Date "2020.04.23"]
[Round "2.69"]
[White "Bhasin, Aadit"]
[Black "Sheehy, Lewis"]
[Result "1-0"]
[WhiteElo "1255"]
[BlackElo "1037"]
[PlyCount "57"]
[EventDate "2020.04.23"]
[WhiteTeam "Dulwich College Junior B"]
[BlackTeam "Manchester Juniors C"]

1. e4 c5 2. Nf3 Nc6 3. Nc3 e6 4. d4 cxd4 5. Nxd4 Qc7 6. Nxc6 dxc6 7. g3 b5 8.
Bg2 Bb7 9. O-O Nf6 10. Bg5 b4 11. Ne2 c5 12. Bxf6 gxf6 13. c3 Bc6 14. cxb4 Rd8
15. Qb3 cxb4 16. Rad1 Rxd1 17. Rxd1 Rg8 18. Nd4 Rg4 19. Nxc6 Qxc6 20. Qd3 Be7
21. a3 bxa3 22. bxa3 e5 23. Bf3 Rg5 24. h4 Rg6 25. Bh5 Rh6 26. Be2 f5 27. exf5
e4 28. Qd2 Qc5 29. Qxh6 1-0

[Event "Junior Online 4NCL Division 5"]
[Site "online"]
[Date "2020.04.23"]
[Round "2.70"]
[White "Meredith, George"]
[Black "Sharma, Ayush"]
[Result "1/2-1/2"]
[WhiteElo "1082"]
[BlackElo "1180"]
[PlyCount "72"]
[EventDate "2020.04.23"]
[WhiteTeam "Manchester Juniors C"]
[BlackTeam "Dulwich College Junior B"]

1. e4 e5 2. Nf3 Nc6 3. Nc3 Nf6 4. Bc4 Nxe4 5. Nxe4 d5 6. Bb5 Bd7 7. d3 dxe4 8.
dxe4 Qe7 9. O-O O-O-O 10. Bg5 f6 11. Be3 Nb4 12. Qe2 Bxb5 13. Qxb5 Nxc2 14. Qa5
Nxa1 15. Qxa7 Kd7 16. Qc5 Qxc5 17. Bxc5 Bxc5 18. Rxa1 Ke7 19. Rf1 Rd7 20. a3
Rhd8 21. h3 Rd1 22. Ne1 Rb1 23. b4 Ba7 24. Nc2 Rdd1 25. Ne1 Rxe1 26. Rxe1 Rxe1+
27. Kh2 Bxf2 28. g3 Be3 29. h4 Ra1 30. Kh3 Rxa3 31. b5 Bf2 32. b6 c5 33. h5 h6
34. Kh4 c4 35. Kh3 Rxg3+ 36. Kh4 c3 1/2-1/2

[Event "Junior Online 4NCL Division 5"]
[Site "online"]
[Date "2020.04.23"]
[Round "2.76"]
[White "Rudzenis, Alex"]
[Black "Turner, Rufus"]
[Result "1-0"]
[WhiteElo "1645"]
[BlackElo "850"]
[PlyCount "37"]
[EventDate "2020.04.23"]
[WhiteTeam "Forest Hall Chimæras"]
[BlackTeam "Manchester Juniors D"]

1. e4 e5 2. Nc3 Bb4 3. Bc4 g6 4. Nf3 f5 5. exf5 gxf5 6. O-O Nf6 7. Nxe5 Ng4 8.
Nxg4 h5 9. Re1+ Kf8 10. Ne3 h4 11. Qf3 h3 12. Qxf5+ Ke8 13. Ned5+ Qe7 14. Nxe7
Kd8 15. Ng6 Bxc3 16. bxc3 d5 17. Qf6+ Kd7 18. Re7+ Kd8 19. Qxh8# 1-0

[Event "Junior Online 4NCL Division 5"]
[Site "online"]
[Date "2020.04.23"]
[Round "2.77"]
[White "Pickett, George"]
[Black "Li, Ray"]
[Result "0-1"]
[WhiteElo "775"]
[BlackElo "1382"]
[PlyCount "60"]
[EventDate "2020.04.23"]
[WhiteTeam "Manchester Juniors D"]
[BlackTeam "Forest Hall Chimæras"]

1. e4 c5 2. Bc4 Nc6 3. Nc3 Nf6 4. Nf3 d6 5. d3 Bg4 6. h3 Bh5 7. Bg5 e6 8. O-O
Be7 9. Bb5 O-O 10. d4 Nxd4 11. Nxd4 Bxd1 12. Raxd1 cxd4 13. Rxd4 a6 14. Be2 h6
15. Bd2 Rc8 16. Rd3 d5 17. exd5 Nxd5 18. Rg3 Nxc3 19. bxc3 Qxd2 20. Re3 Rxc3
21. Rxc3 Qxc3 22. Rc1 Qd2 23. Rf1 Qxe2 24. c4 Qxc4 25. a3 Rc8 26. a4 Bd6 27. a5
Qc1 28. g3 Qxf1+ 29. Kh2 Rc1 30. h4 Qh1# 0-1

[Event "Junior Online 4NCL Division 5"]
[Site "online"]
[Date "2020.04.23"]
[Round "2.78"]
[White "Wu, Jiatong"]
[Black "Hitchman, George S"]
[Result "0-1"]
[WhiteElo "1217"]
[BlackElo "760"]
[PlyCount "34"]
[EventDate "2020.04.23"]
[WhiteTeam "Forest Hall Chimæras"]
[BlackTeam "Manchester Juniors D"]

1. d4 d5 2. c4 Nc6 3. Nf3 Bg4 4. e3 Qd6 5. Nc3 O-O-O 6. Bd3 Bxf3 7. Qxf3 dxc4
8. Bxc4 Ne5 9. Qe2 Nxc4 10. Qxc4 g6 11. O-O c6 12. Qe2 Bg7 13. Rd1 h5 14. b3
Nf6 15. Bb2 Ng4 16. h3 Qh2+ 17. Kf1 Qh1# 0-1

[Event "Junior Online 4NCL Division 5"]
[Site "online"]
[Date "2020.04.23"]
[Round "2.80"]
[White "Turner, Rufus"]
[Black "Rudzenis, Alex"]
[Result "0-1"]
[WhiteElo "850"]
[BlackElo "1645"]
[PlyCount "42"]
[EventDate "2020.04.23"]
[WhiteTeam "Manchester Juniors D"]
[BlackTeam "Forest Hall Chimæras"]

1. e4 e5 2. c3 Nf6 3. d4 d6 4. dxe5 dxe5 5. Qc2 Nc6 6. Nf3 Bg4 7. h3 Bxf3 8.
gxf3 Qd7 9. Bd3 O-O-O 10. O-O Qxh3 11. Rd1 Bc5 12. Bb5 Qg3+ 13. Kf1 Rxd1+ 14.
Ke2 Qxf2+ 15. Kxd1 Rd8+ 16. Bd2 Qg1+ 17. Ke2 Qf2+ 18. Kd1 Be3 19. Na3 Rxd2+ 20.
Kc1 Qe1+ 21. Qd1 Qxd1# 0-1

[Event "Junior Online 4NCL Division 5"]
[Site "online"]
[Date "2020.04.23"]
[Round "2.81"]
[White "Li, Ray"]
[Black "Pickett, George"]
[Result "1-0"]
[WhiteElo "1382"]
[BlackElo "775"]
[PlyCount "31"]
[EventDate "2020.04.23"]
[WhiteTeam "Forest Hall Chimæras"]
[BlackTeam "Manchester Juniors D"]

1. e4 e5 2. Nf3 Nc6 3. Bb5 a6 4. Ba4 Bc5 5. O-O Nf6 6. d3 Ng4 7. h3 Nf6 8. Nc3
Nh5 9. Nxe5 Nxe5 10. Qxh5 g6 11. Qxe5+ Be7 12. Qxh8+ Bf8 13. Bh6 Ke7 14. Nd5+
Ke6 15. Nf4+ Ke7 16. Qe5# 1-0

[Event "Junior Online 4NCL Division 5"]
[Site "online"]
[Date "2020.04.23"]
[Round "2.82"]
[White "Hitchman, George S"]
[Black "Wu, Jiatong"]
[Result "0-1"]
[WhiteElo "760"]
[BlackElo "1217"]
[PlyCount "134"]
[EventDate "2020.04.23"]
[WhiteTeam "Manchester Juniors D"]
[BlackTeam "Forest Hall Chimæras"]

1. e4 e6 2. Bc4 Bc5 3. d3 Nc6 4. h4 Nf6 5. Bg5 Ne5 6. Bxf6 Qxf6 7. Nc3 Bb4 8.
Qd2 Bxc3 9. Qxc3 b6 10. O-O-O Bb7 11. Qb4 Nxc4 12. Qxc4 O-O 13. Nf3 d5 14. Qd4
Qxd4 15. Nxd4 Rad8 16. h5 h6 17. Nf3 Rfe8 18. Ne5 dxe4 19. dxe4 Rxd1+ 20. Rxd1
Bxe4 21. c3 f6 22. g3 fxe5 23. Re1 Bf3 24. Re3 Bxh5 25. Rxe5 g6 26. Kb1 Kf7 27.
Kc1 Kf6 28. Rb5 Rd8 29. Kc2 g5 30. c4 Bg6+ 31. Kc3 Rd3+ 32. Kb4 c6 33. c5 cxb5
34. c6 Rd4+ 35. Kc3 Rc4+ 36. Kb3 Rxc6 37. Kb4 Rc5 38. f4 Rc4+ 39. Kxb5 Bd3 40.
fxg5+ Kxg5 41. b3 Rc5+ 42. Kb4 a5+ 43. Ka3 e5 44. b4 axb4+ 45. Ka4 Ra5+ 46.
Kxb4 e4 47. g4 Kf6 48. g5+ hxg5 49. a4 Rf5 50. a5 bxa5+ 51. Ka4 Bb5+ 52. Kxa5
Bd7+ 53. Kb6 Rb5+ 54. Kc7 Rd5 55. Kb6 Bh3 56. Kc7 Ke6 57. Kc6 Bg2 58. Kc7 Rd6
59. Kc8 Rd7 60. Kb8 Kd6 61. Kc8 Kc6 62. Kb8 Kb6 63. Kc8 Kc6 64. Kb8 Rc7 65. Ka8
Kb6 66. Kb8 Rc1 67. Ka8 Rc8# 0-1

[Event "Junior Online 4NCL Division 5"]
[Site "online"]
[Date "2020.04.23"]
[Round "2.85"]
[White "Manouvel, Loic"]
[Black "Wan, Qiao"]
[Result "1-0"]
[WhiteElo "1375"]
[BlackElo "1082"]
[PlyCount "23"]
[EventDate "2020.04.23"]
[WhiteTeam "Bristol Bishops"]
[BlackTeam "Cambridge Chess & Go C"]

1. e4 e5 2. Nf3 Nc6 3. Bc4 Nf6 4. Ng5 Bc5 5. Nxf7 Qe7 6. Nxh8 Qd6 7. O-O Nxe4
8. Qh5+ g6 9. Qxh7 Qf6 10. Qg8+ Bf8 11. Nxg6 Qg5 12. Qxf8# 1-0